| 000 | 00772cam a22002774a 4500 | ||
|---|---|---|---|
| 001 | 11803559 | ||
| 003 | OSt | ||
| 005 | 20180503142327.0 | ||
| 008 | 991006s2000 paua 001 0 eng | ||
| 010 | _a 99051568 | ||
| 020 | _a0721680208 | ||
| 040 |
_aDLC _cDLC _dDLC |
||
| 042 | _apcc | ||
| 050 | 0 | 0 |
_aQP34.5 _b.A67 2000 |
| 082 | 0 | 0 |
_aQS 4 A52a 2009 _22nd _bAPP |
| 100 | 1 |
_aApplegate, Edith J. _9225 |
|
| 245 | 1 | 4 | _aThe Anatomy and Physiology Learning System |
| 250 | _a2nd ed. | ||
| 260 |
_aPhiladelphia : _bW.B. Saunders, _cc2000. |
||
| 300 |
_axxii, 498 p. : _bill. ; _c28 cm. |
||
| 504 | _aIncludes Glossary and index | ||
| 650 |
_aAnatomy _9124 |
||
| 650 |
_aHuman physiology. _9133 |
||
| 906 |
_a7 _bcbc _corignew _d1 _eocip _f19 _gy-gencatlg |
||
| 942 |
_2z _cO_SHELF |
||
| 999 |
_c75 _d75 |
||